Một số suy nghĩ về trách nhiệm pháp lý và trách nhiệm đạo đức /
Saved in:
| Main Author: | |
|---|---|
| Format: | Article |
| Language: | Vietnamese |
| Subjects: | |
| Tags: |
Add Tag
No Tags, Be the first to tag this record!
|
| Institutions: | Thư viện Trường Đại học Đà Lạt |
|---|
| LEADER | 00855nam a2200277 4500 | ||
|---|---|---|---|
| 001 | DLU090090610 | ||
| 005 | ##20090526 | ||
| 040 | # | # | |a DLU |b vie |
| 041 | # | # | |a vie |
| 044 | # | # | |a vn |
| 100 | # | # | |a Hoàng Thị Kim Quế, |c TS. |
| 245 | # | # | |a Một số suy nghĩ về trách nhiệm pháp lý và trách nhiệm đạo đức / |c Hoàng Thị Kim Quế. |
| 653 | # | # | |a Khái quát |
| 653 | # | # | |a Trách nhiệm đạo đức |
| 653 | # | # | |a Trách nhiệm pháp lý |
| 653 | # | # | |a Trách nhiệm xã hội |
| 773 | # | # | |t Nhà nước và pháp luật |g Số 3, 2000, tr. 34-45 |
| 920 | # | # | |a Phòng Tạp chí -- Trung tâm Thông tin - Thư viện Trường Đại học Đà Lạt |
| 994 | # | # | |a DLU |
| 900 | # | # | |a True |
| 911 | # | # | |a Nguyễn Thị Mai Anh |
| 925 | # | # | |a G |
| 926 | # | # | |a A |
| 927 | # | # | |a BB |
| 980 | # | # | |a Thư viện Trường Đại học Đà Lạt |